Wird geladen...
Tripura /
| 1. Verfasser: | |
|---|---|
| Sprache: | Undetermined |
| Veröffentlicht: |
New Delhi :
National Book Trust ,
1999.
|
| Ausgabe: | 2nd ed. |
| Schriftenreihe: | The Land and the people
|
| Schlagworte: |
| LEADER | 00545nam a2200181Ia 4500 | ||
|---|---|---|---|
| 001 | 131708 | ||
| 008 | 170722s9999 xx 000 0 und d | ||
| 020 | |a 8123725426 | ||
| 100 | |a Thakurta, S. N. Guha | ||
| 245 | |a Tripura / | ||
| 250 | |a 2nd ed. | ||
| 260 | |a New Delhi : |b National Book Trust , |c 1999. | ||
| 300 | |a x+150 | ||
| 490 | |a The Land and the people | ||
| 653 | |a Tripura | ||
| 942 | |c GEN | ||
| 999 | |c 124706 |d 124706 | ||
| 952 | |0 0 |1 0 |4 0 |6 Z_2792_000000000000000_N9 |7 0 |9 176248 |a LIB |b LIB |d 2017-08-12 |o z2792 N9 |p 245884 |r 2017-08-12 |v 35.00 |w 2017-08-12 |y GEN | ||